00485nam a22001337a 4500003000500000038001800005082000800023100001800031245013500049264003500184650003100219700004300250856005800293NUST aNusrat Nadeem a200 aRani, Anoosha aThermal Performance and Reliability Enhancement of Totem-Pole Converter for EV Charging through Cyclic Modulation/cAnoosha Rani,  aIslamabad;bSEECS NUST.c2025. aMS-Electrical Engineering  aSupervisor: Dr. Tassawar Hussain Kazmi u http://10.250.8.41:8080/xmlui/handle/123456789/57211